Fórum cudzích jazykov, politológie a medzinárodných vzťahov medzinárodný elektronický časopis zameraný na cudzie jazyky, politológiu a medzinárodné vzťahy

Gespeichert in:
Bibliographische Detailangaben
Format: Schriftenreihe
Sprache:Mehrsprachig
Veröffentlicht: Sládkovičovo Vysoká škola Danubius 2024
Tags: Tag hinzufügen
Keine Tags, Fügen Sie das erste Tag hinzu!

MARC

LEADER 00000nas2a2200000 4500
001 0305597
005 20260209090715.9
022 |a 2454-0145 
041 0 |a mul 
044 |a SK 
245 1 0 |a Fórum cudzích jazykov, politológie a medzinárodných vzťahov  |b medzinárodný elektronický časopis zameraný na cudzie jazyky, politológiu a medzinárodné vzťahy 
264 1 |a Sládkovičovo  |b Vysoká škola Danubius  |c 2024 
773 0 |w eu_un_cat*0241333